Reinforced concrete with FRP bars : (Record no. 20328)
[ view plain ]
| 000 -LEADER | |
|---|---|
| fixed length control field | 01452cam a22003015a 4500 |
| 001 - CONTROL NUMBER | |
| control field | 17902863 |
| 005 - DATE AND TIME OF LATEST TRANSACTION | |
| control field | 20151222102119.0 |
| 008 - FIXED-LENGTH DATA ELEMENTS--GENERAL INFORMATION | |
| fixed length control field | 130930t2014 flua frb 001 0 eng d |
| 020 ## - INTERNATIONAL STANDARD BOOK NUMBER | |
| International Standard Book Number | 9780415778824 (alk. paper) |
| 040 ## - CATALOGING SOURCE | |
| Original cataloging agency | DLC |
| Language of cataloging | eng |
| Transcribing agency | DLC |
| Modifying agency | DLC |
| -- | EG-ScBUE |
| 082 04 - DEWEY DECIMAL CLASSIFICATION NUMBER | |
| Classification number | 620.137 |
| Edition number | 22 |
| Item number | NAN |
| 100 1# - MAIN ENTRY--PERSONAL NAME | |
| Personal name | Nanni, Antonio. |
| 9 (RLIN) | 38792 |
| 245 10 - TITLE STATEMENT | |
| Title | Reinforced concrete with FRP bars : |
| Remainder of title | mechanics and design / |
| Statement of responsibility, etc | Antonio Nanni, Antonio De Luca, Hany Jawaheri Zadeh. |
| 246 3# - VARYING FORM OF TITLE | |
| Title proper/short title | Reinforced concrete with fiber-reinforced polymer bars |
| 260 ## - PUBLICATION, DISTRIBUTION, ETC. (IMPRINT) | |
| Place of publication, distribution, etc | Boca Raton : |
| Name of publisher, distributor, etc | CRC Press / Taylor & Francis Group, |
| Date of publication, distribution, etc | c.2014. |
| 300 ## - PHYSICAL DESCRIPTION | |
| Extent | xx, 397 p. : |
| Other physical details | ill. ; |
| Dimensions | 24 cm. |
| 500 ## - GENERAL NOTE | |
| General note | Index : p. 385-397.<br/> |
| 504 ## - BIBLIOGRAPHY, ETC. NOTE | |
| Bibliography, etc | Includes bibliographical references. |
| 505 0# - FORMATTED CONTENTS NOTE | |
| Formatted contents note | Materials and test methods. Introduction -- Material properties -- FRP bar properties -- Analysis and design. Flexural members -- Members subjected to combined axial load and bending moment -- Design examples. Design of a one-way slab -- Design of a beam -- Design of a two-way slab -- Design of a column -- Design of square footing for single column. |
| 650 #0 - SUBJECT ADDED ENTRY--TOPICAL TERM | |
| Topical term or geographic name as entry element | Reinforced concrete |
| Source of heading or term | BUEsh |
| 650 #0 - SUBJECT ADDED ENTRY--TOPICAL TERM | |
| Topical term or geographic name as entry element | Reinforcing bars |
| Source of heading or term | BUEsh |
| 650 #0 - SUBJECT ADDED ENTRY--TOPICAL TERM | |
| Topical term or geographic name as entry element | Fiber-reinforced concrete |
| Source of heading or term | BUEsh |
| 650 #0 - SUBJECT ADDED ENTRY--TOPICAL TERM | |
| Topical term or geographic name as entry element | Polymer-impregnated concrete |
| Source of heading or term | BUEsh |
| 653 ## - INDEX TERM--UNCONTROLLED | |
| Resource For college | Engineering, General |
| Arrived date list | July2015 |
| -- | November2015 |
| -- | December2015 |
| 700 1# - ADDED ENTRY--PERSONAL NAME | |
| Personal name | De Luca, Antonio |
| Titles and other words associated with a name | (Civil engineer) |
| 700 1# - ADDED ENTRY--PERSONAL NAME | |
| Personal name | Jawaheri Zadeh, Hany, |
| 942 ## - ADDED ENTRY ELEMENTS (KOHA) | |
| Source of classification or shelving scheme | Dewey Decimal Classification |
| Withdrawn status | Lost status | Source of classification or shelving scheme | Damaged status | Not for loan | Koha collection | Home library | Current library | Shelving location | Date acquired | Source of acquisition | Cost, normal purchase price | Serial Enumeration / chronology | Total Checkouts | Full call number | Barcode | Date last seen | Cost, replacement price | Koha item type |
|---|---|---|---|---|---|---|---|---|---|---|---|---|---|---|---|---|---|---|
| Dewey Decimal Classification | Baccah | Central Library | Central Library | First floor | 09/07/2015 | Purchase | 765.00 | 21782 | 620.137 NAN | 000039386 | 15/07/2025 | 956.00 | Book - Borrowing | |||||
| Dewey Decimal Classification | Baccah | Central Library | Central Library | First floor | 19/08/2015 | Purchase | 1080.00 | 21761 | 620.137 NAN | 000039763 | 15/07/2025 | 1350.00 | Book - Borrowing |